Chimičeskaja termodinamika.

Saved in:
Bibliographic Details
Main Author: Krestovnik, A. N.
Format: Book
Language:Slovak
Published: 1961.
Tags: Add Tag
No Tags, Be the first to tag this record!

MARC

LEADER 00000nam a22000004a 4500
001 000513607
005 20160722094208.0
008 160722s1961 xo e 000 0 slo d
040 |a SVKKK  |b slo  |c SVKKK  |e AACR2 
100 1 |a Krestovnik, A. N. 
245 1 0 |a Chimičeskaja termodinamika. 
260 |c 1961. 
500 |a Záznam revízie 
910 |a svkkk 
998 |a BK 
090 |g SCKHL  |k Sklad Pribinova 2. posch.  |a X0.721  |j 02206  |i 513607-10  |4 Zastaraná  |s Vyradená